Statistics for Daft Punk Charting Songs (Billboard Club Play)

Click here to take the quiz!

General Stats

  • This quiz has been taken 6 times
  • The average score is 11 of 15

Answer Stats

AlbumWeeks OnPeakArtist(s)Song% Correct
Random Access Memories17 Weeks#1 (2 Weeks)Daft Punk ft. Pharrell WilliamsGet Lucky
100%
Discovery16 Weeks#3Daft PunkHarder, Better, Faster, Stronger
100%
Homework14 Weeks#1 (1 Week)Daft PunkAround the World
83%
Homework13 Weeks#1 (1 Week)Daft PunkDa Funk
83%
Discovery12 Weeks#9Daft PunkDigital Love
83%
Discovery16 Weeks#1 (1 Week)Daft Punk ft. Todd EdwardsFace to Face
83%
Random Access Memories14 Weeks#1 (1 Week)Daft Punk ft. Pharrell WilliamsLose Yourself to Dance
83%
Discovery15 Weeks#1 (2 Weeks)Daft PunkOne More Time
83%
Starboy17 Weeks#2The Weeknd ft. Daft PunkStarboy
83%
Human After All14 Weeks#15Daft PunkRobot Rock
67%
Random Access Memories12 Weeks#9Daft PunkGive Life Back to Music
50%
Homework12 Weeks#12Daft PunkRevolution 909
50%
Human After All12 Weeks#10Daft PunkTechnologic
50%
Starboy14 Weeks#12The Weeknd ft. Daft PunkI Feel It Coming
33%
TRON: Legacy13 Weeks#1 (1 Week)Daft PunkDerezzed (2014)
17%

Score Distribution

Percentile by Number Answered

Percent of People with Each Score

Your Score History

You have not taken this quiz